Ngôn ngữ thơ

Phân tích ngôn ngữ văn học được sử dụng trong thơ. Những lý luận văn học về thơ và luật thơ. Cách sử dụng từ, ngữ trong thơ. Sự giống và khác nhau trong việc sử dụng ngôn ngữ chữ viết giữa thơ và văn xuôi

Bewaard in:
Bibliografische gegevens
Hoofdauteur: Nguyễn Phan Cảnh (Tác giả)
Formaat: Boek
Taal:Vietnamese
Gepubliceerd in: H. Nxb Văn học 2006
Onderwerpen:
Tags: Voeg label toe
Geen labels, Wees de eerste die dit record labelt!
Thư viện lưu trữ: Mạng thư viện Đại học Đà Nẵng
LEADER 01356nam a2200361 4500
001 000007795
003 3962
005 20111011151024.0
008 111011s2006 viesd
020 |c 29000đ 
041 0 |a vie 
082 |a 808.1  |b NG-C 
100 0 |a Nguyễn Phan Cảnh  |e Tác giả 
245 0 |a Ngôn ngữ thơ  |c Nguyễn Phan Cảnh 
260 |a H.  |b Nxb Văn học  |c 2006 
300 |a 253 tr.  |c 19 cm 
520 |a Phân tích ngôn ngữ văn học được sử dụng trong thơ. Những lý luận văn học về thơ và luật thơ. Cách sử dụng từ, ngữ trong thơ. Sự giống và khác nhau trong việc sử dụng ngôn ngữ chữ viết giữa thơ và văn xuôi 
653 |a Ngôn ngữ viết 
653 |a Luật thơ 
653 |a Thơ 
653 |a Ngôn ngữ văn học 
700 |a Nguyễn Phan Cảnh  |e Tác giả 
910 |a Duyên 
OWN |a LSP 
AVA |a UDN50  |b LSP  |d 808.1 NG-C  |e available  |t Error 5001 Not defined in file expand_doc_bib_avail.  |f 5  |g 0  |h N  |i 0  |k 1 
999 |a From the UDN01 
AVA |a UDN50  |b LSP  |d 808.1 NG-C  |e available  |t Error 5001 Not defined in file expand_doc_bib_avail.  |f 5  |g 0  |h N  |i 0  |k 1 
TYP |a Monograph 
TYP |a Printed language 
980 |a Mạng thư viện Đại học Đà Nẵng